000 00298nam a22001217a 4500
003 SGT
082 _a920
_bA20V
100 _aविजय, अनन्त
245 _aअमेठी संग्राम
260 _bऐका प्रकाशन
_c2020
300 _a228
942 _2ddc
_cBK
999 _c32013
_d32013